| 000 | 00671nam a2200217 a 4500 | ||
|---|---|---|---|
| 001 | 000046775 | ||
| 005 | 20250217092805.0 | ||
| 008 | 130911s2016 dr 000 0 spa d | ||
| 020 | _a9789945903959 | ||
| 040 |
_aDO-SdBNP _bspa _cBNPHU |
||
| 082 |
_axxxx _bJ91f |
||
| 100 | 1 |
_aJuanes, Benigno _d1916-2009 _9442 |
|
| 245 | 1 | 3 |
_aLa oración contemplativa / _cBenigno Juanes. |
| 246 | 1 |
_aContemplación : _bcontemplativos en la acción / |
|
| 260 |
_aSanto Domingo : _bAmigo del hogar, _c2016. |
||
| 300 |
_a259 p. ; _c22 cm. |
||
| 490 | 1 |
_aTorrentes _v21 |
|
| 500 | _aIncluye notas a pie de páginas | ||
| 590 | _aInventariado, 2018/ YL | ||
| 830 | 0 |
_aTorrentes _n21 _974742 |
|
| 999 |
_c46264 _d46264 |
||